Modern Physics from A to Z

Na minha lista:
Detalhes bibliográficos
Autor principal: Rohlf, James William (Author)
Formato: Livro
Idioma:inglês
Publicado em: Nueva York John Wiley and Sons Inc. 1994
Assuntos:
Tags: Adicionar Tag
Sem tags, seja o primeiro a adicionar uma tag!

MARC

LEADER 00000cam a2200000 a 4500
001 UCF5644
003 CL-VaPUC
008 130318e19940000US |||||||||||||||||eng|d
020 |a 0471572705 
082 0 4 |a 539  |b ROH  |2 21 
100 0 |a Rohlf, James William  |e author  |9 567618 
245 1 0 |a Modern Physics from A to Z 
300 |a 646 p 
942 |c BK 
945 |d 20130318 00:00:00  |a dcastane 
260 |a Nueva York  |b John Wiley and Sons Inc.  |c 1994 
650 0 |a Física   |9 227844 
650 7 |a FISICA MODERNA  |2 CL-VaPUC  |9 316548 
583 |a last modification  |c 20130318 11:20:00  |k Rodrigo Vera 
999 |c 351116  |d 351114 
952 |0 0  |1 0  |4 0  |6 539_000000000000000_ROH_1994  |7 0  |8 A  |9 455043  |a BIBCUR  |b BIBCUR  |d 2019-11-22  |i 4956133  |o 539 ROH 1994  |p 4956133  |r 2025-04-22  |w 2019-11-22  |y BK  |k FIS